Statistiken für Vorname als Nachname als Vorname #4

Klicken Sie hier um das Quiz zu spielen!

Allgemein

  • Dieses Quiz wurde 80 mal gespielt
  • Das Durchschnittsergebnis liegt bei 9 aus 14

Antwortstatistiken

Vorname? Name ?Nachname% Korrekt
SteveMartinLuther
93%
ElizabethTaylorSwift
92%
ThierryHenryKissinger
84%
JanetJacksonPollock
77%
VanillaIceCube
75%
LeBronJamesCaan
73%
EliWhitneyHouston
65%
LionelRichieSambora
61%
LesPaulvon Hindenburg
60%
BillyJoelMatip
55%
DarylHannahArendt
45%
PJHarveyKeitel
45%
DebbieHarryHoudini
40%
ArielSharonStone
37%

Verteilung der Resultate

Perzentil nach korrekt beantworteten Fragen

Anzahl Personen mit jedem Resultat

Ihre Resultats-Entwicklung

Sie haben dieses Quiz noch nicht gespielt